Cities of Romania - Sudden Death - Statistics

General Stats
  • This quiz has been taken 99 times
  • The average score is 8 of 15
Answers on the Grid
Answers color-coded by a green-red scale on the quiz's grid according to % correct below.
Bucharest
Cluj-Napoca
Braila
Timisoara (Little Timmy)
Baia Mare (Big Bathroom)
Focsani
Brasov
Fagaras
Deva
Arad
Sacele
Constanta
Otopeni
Bacau
Piatra-Neamt (German Rock)
Ruse
Varna
Balti (Puddles)
Chisinau
Ismayil
Odessa
Sf. Constantin (Saint Constantin)
Warchia
Klavnivishgrad
Buctenii Mari (Upper Bucteni)
Ceshslau
Velicho-Terna Noua (New Velicho-Terna)
Moscow
Orasul lui Gheorghe (George's town)
Sf. Stefan (Saint Stefan)
 
Answer Stats
Answer % Correct
Capital Of Romania Bucharest
78%
2nd biggest city Cluj-Napoca
71%
Near Sacele Brasov
66%
Cool port thingy Constanta
64%
yes, it exists. Timisoara (Little Timmy)
64%
yes, it exists. Baia Mare (Big Bathroom)
59%
cool town, i guess? Arad
55%
cool town, i guess? Bacau
55%
cool town, i guess? Braila
45%
cool town, i guess? Deva
43%
cool town, i guess? Focsani
41%
yes, it exists. Piatra-Neamt (German Rock)
40%
Town where most planes land at Otopeni
31%
cool town, i guess? Fagaras
29%
Near Brasov Sacele
22%
No matching quizzes found
Score Distribution
Percent of People with Each Score
Percentile by Number Answered
Your Score History
You have not taken this quiz